UITU Library & LRC     

Asset tracking and management using CMMS (Record no. 32492)

MARC details
000 -LEADER
fixed length control field 00639nam a2200157Ia 4500
008 - FIXED-LENGTH DATA ELEMENTS--GENERAL INFORMATION
fixed length control field 260210s9999 xx 000 0 und d
024 ## - OTHER STANDARD IDENTIFIER
Standard number or code 18B-021-CS, 18B-088-CS, 18B-124-CS, 17B-030-CS & 17B-083-SE
082 ## - DEWEY DECIMAL CLASSIFICATION NUMBER
Classification number 005.4072 FAR
100 ## - MAIN ENTRY--PERSONAL NAME
Personal name Muhammad Farooq, Abdur Rafay, Ghayyas Ahmed, Muhammad Jamal & Ammar Masood
110 ## - MAIN ENTRY--CORPORATE NAME
Corporate name or jurisdiction name as entry element Engr. Rabia Zuberi
245 #0 - TITLE STATEMENT
Title Asset tracking and management using CMMS
260 ## - PUBLICATION, DISTRIBUTION, ETC.
Place of publication, distribution, etc. Karachi:
Name of publisher, distributor, etc. UITU,
Date of publication, distribution, etc. 2018
600 ## - SUBJECT ADDED ENTRY--PERSONAL NAME
Personal name Computer Science
650 ## - SUBJECT ADDED ENTRY--TOPICAL TERM
Topical term or geographic name entry element Bachelor of Engineering (BE)
856 ## - ELECTRONIC LOCATION AND ACCESS
Uniform Resource Identifier <a href="https://drive.google.com/file/d/1O5wNENtS1f8YiOIg5D_hVKo90eycwIws/view?usp=sharing">https://drive.google.com/file/d/1O5wNENtS1f8YiOIg5D_hVKo90eycwIws/view?usp=sharing</a>
Link text Click here for PDF

No items available.

Powered by Koha